• 首页
  • 本馆介绍
  • 公告通知
  • 最新文献
  • 馆藏检索
  • 电子资源
  • 读者导购
  • 参考咨询
  • 我的图书馆
  • 登录
  • 详细信息显示
  • 放入我的书架
  • 预约/预借图书
  • 作者相关作品
  • 分类相关作品
  • 丛书相关作品
  • 出版社相关作品

书目信息

  • 表格格式
  • 工作单格式
  • 卡片格式
题名:
朱熹
    
 
作者: 李甦平 著
分册:  
出版信息: 西安   陕西师范大学出版总社  2017
页数: 154页
开本: 24cm
丛书名:
单 册:
中图分类: B244.75
科图分类:
主题词:
电子资源:
ISBN: 978-7-5613-8825-9
000 00795nam0 2200217 450
001 3658
005 20180527173540.35
010    @a978-7-5613-8825-9@dCNY20.00
100    @a20170619d2017 em y0chiy50 ea
101 0  @achi
102    @aCN@b610000
105    @ay z 000yy
200 1  @a朱熹@9zhu xi@f李甦平著
210    @a西安@c陕西师范大学出版总社@d2017
215    @a154页@d24cm
330    @a本书稿本着“致广大,尽精微”这一宗旨,主要介绍了朱熹的仕途政绩和授学途径,并对他的性理思想、经济思想、教育思想和科技思想作了全面、精要的论述。朱熹的思想不仅对中国和东亚有着巨大影响,而且在世界思想史上也具有无可替代的重要地位。
600  0 @a朱熹@f(1130-1200)@x传记
690    @aB244.75@v5
701  0 @a李甦平@9li su ping@f(1946-)@4著
801  0 @aCN@b91MARC@c20170619
905    @aMuseLib@dB244.75@e75
    
    朱熹/李甦平著.-西安:陕西师范大学出版总社,2017
    154页;24cm
    
    
    ISBN 978-7-5613-8825-9:CNY20.00
    本书稿本着“致广大,尽精微”这一宗旨,主要介绍了朱熹的仕途政绩和授学途径,并对他的性理思想、经济思想、教育思想和科技思想作了全面、精要的论述。朱熹的思想不仅对中国和东亚有着巨大影响,而且在世界思想史上也具有无可替代的重要地位。
●
相关链接 在E读中查询图书 在五车中查询图书 在当当中查询图书 在豆瓣中查询图书


正题名:朱熹     索取号:B244.75/75         预约/预借

序号 登录号 条形码 馆藏地/架位号 状态 备注
1 1110100   211101001   第一样本阅览室/ [索取号:B244.75/75] 在馆    
2 1110101   211101010   教育系资料室/ [索取号:B244.75/75] 在馆    
3 1110102   211101029   教育系资料室/ [索取号:B244.75/75] 在馆    
4 1110103   211101038   第一借阅区/ [索取号:B244.75/75] 在馆    
唐山师范学院图书馆 欢迎您!
大连网信软件有限公司© 版权所有